Приборы для измерения и дозирования массы: номенклатурный справочник

Bibliographische Detailangaben
Weitere Verfasser: Беланцева Т. М. (составитель)
Zusammenfassung:Исключено из фонда НТБ ТПУ
Sprache:Russisch
Veröffentlicht: Москва, ЦНИИТЭИприборостроения, 1980
Format: Buch
KOHA link:https://koha.lib.tpu.ru/cgi-bin/koha/opac-detail.pl?biblionumber=131970

MARC

LEADER 00000nam0a2200000 4500
001 131970
005 20231031134650.0
035 |a (RuTPU)RU\TPU\book\142905 
035 |a RU\TPU\book\142903 
090 |a 131970 
100 |a 20080226d1980 k y0rusy50 ca 
101 0 |a rus 
102 |a RU 
105 |a y b 000zy 
200 1 |a Приборы для измерения и дозирования массы  |e номенклатурный справочник  |f сост. Т. М. Беланцева 
210 |a Москва  |c ЦНИИТЭИприборостроения  |d 1980 
215 |a 142 с. 
333 |a Исключено из фонда НТБ ТПУ 
702 1 |a Беланцева  |b Т. М.  |4 220 
801 1 |a RU  |b 63413507  |c 20080226  |g PSBO 
801 2 |a RU  |b 63413507  |c 20220620  |g PSBO 
942 |c BK